000 01011nam a2200277Ia 4500
003 OSt
005 20220930092646.0
006 a|||||r|||| 00| 0
007 ta
008 220926b |||||||| |||| 00| 0 eng d
024 _a23561
037 _cTheses
040 _aCRL
_cCRL
_beng
041 _2eng
_aeng
100 _aSamita Gu.
_9549396
110 _aUniversity OF Delhi. Faculty OF Medical Sciences. Department OF Obstetrics and gynaecology
245 0 _aComparison of early induction of labour with expectant management in pregnant women with premature rupture of membranes at term
260 _c2014
650 _aWOMEN - DISEASES
700 _a Dr. Abha Singh Gu.
_9533708
700 _a Dr. Atul Murari Gu.
_9537126
700 _a Dr. Manju Puri Gu.
_9536203
700 _aUniversity OF Delhi. Faculty OF Medical Sciences. Department OF Obstetrics and gynaecology
942 _cDIS
_2CC
999 _c884107
_d884107